|
|
|
|
| LEADER |
00000nam0a2200000 4500 |
| 001 |
331925 |
| 005 |
20231102004414.0 |
| 035 |
|
|
|a (RuTPU)RU\TPU\book\357809
|
| 090 |
|
|
|a 331925
|
| 100 |
|
|
|a 20170511d1977 km y0rusy50 ca
|
| 101 |
0 |
|
|a rus
|
| 102 |
|
|
|a RU
|
| 105 |
|
|
|a a z 001zy
|
| 200 |
1 |
|
|a Защита от коррозии магниевых сплавов
|f М. А. Тимонова
|
| 210 |
|
|
|a Москва
|c Металлургия
|d 1977
|
| 215 |
|
|
|a 159 с.
|c ил.
|
| 320 |
|
|
|a Библиогр.: с. 153-159
|
| 606 |
1 |
|
|a Магниевые сплавы
|x Защитные покрытия
|2 stltpush
|3 (RuTPU)RU\TPU\subj\40741
|9 60577
|
| 610 |
1 |
|
|a коррозия
|
| 610 |
1 |
|
|a защита
|
| 610 |
1 |
|
|a неметаллические неорганические покрытия
|
| 610 |
1 |
|
|a химические покрытия
|
| 610 |
1 |
|
|a электрохимические покрытия
|
| 610 |
1 |
|
|a лакокрасочные покрытия
|
| 610 |
1 |
|
|a металлические покрытия
|
| 610 |
1 |
|
|a конструкции
|
| 610 |
1 |
|
|a швы
|
| 610 |
1 |
|
|a растрескивание
|
| 610 |
1 |
|
|a литейные сплавы
|
| 610 |
1 |
|
|a деформируемые сплавы
|
| 610 |
1 |
|
|a магний
|
| 675 |
|
|
|a 669.721.5
|v 4
|
| 700 |
|
1 |
|a Тимонова
|b М. А.
|g Маргарита Александровна
|
| 801 |
|
1 |
|a RU
|b 63413507
|c 20170511
|
| 801 |
|
2 |
|a RU
|b 63413507
|c 20200817
|g RCR
|
| 942 |
|
|
|c BK
|